00401nam a2200145Ia 450000500170000000800460001703700290006304000200009204100130011208400090012524500870013426000090022130000100023054600150024020250508153319.0008 250505s9999 xx 000 0 eng d aBooks to be hide in OPAC aFEDLbengcFEDL aeng2eng qFEDL 0aDas kommerzielle bildungswesen der Schweiz, rumaniens, brasiliens und Argentiniens c1906 a195p. aWeeded out